Statistiken für Zufällige englische Nomen

Klicken Sie hier um das Quiz zu spielen!

Allgemein

  • Dieses Quiz wurde 901 mal gespielt
    (359 seit der letzten Aktualisierung)
  • Das Durchschnittsergebnis liegt bei 8 aus 10

Antwortstatistiken

EnglischDeutsch% Korrekt
ageAlter
100%
appleApfel
100%
workArbeit
100%
impactAuswirkung
100%
carAuto
100%
stageBühne
100%
GermanyDeutschland
100%
endEnde
100%
adultsErwachsene
100%
bicycleFahrrad
100%
familyFamilie
100%
filmFilm
100%
bottleFlasche
100%
riverFluss
100%
foxFuchs
100%
footballFußball
100%
historyGeschichte
100%
grassGras
100%
houseHaus
100%
woodHolz
100%
dogHund
100%
islandInsel
100%
yearJahr
100%
kangarooKänguru
100%
childrenKinder
100%
churchKirche
100%
CopenhagenKopenhagen
100%
warKrieg
100%
coastKüste
100%
lifeLeben
100%
songLied
100%
airLuft
100%
teamMannschaft
100%
peopleMenschen
100%
MoscowMoskau
100%
musicMusik
100%
nameName
100%
numberNummer
100%
operaOper
100%
locationOrt
100%
placeOrt
100%
AustriaÖsterreich
100%
paperPapier
100%
presidentPräsident
100%
billRechnung
100%
governmentRegierung
100%
schoolSchule
100%
couchSofa
100%
sunglassesSonnenbrille
100%
cityStadt
100%
stationStation
100%
statisticsStatistik
100%
bushStrauch
100%
chairStuhl
100%
partTeil
100%
deathTod
100%
toiletToilette
100%
Czech republicTschechien
100%
doorTür
100%
clockUhr
100%
universityUniversität
100%
vacationUrlaub
100%
roadWeg
100%
timeZeit
100%
trainZug
100%
bandBand
95%
airplaneFlugzeug
94%
tableTisch
94%
barbecueGrill
93%
memberMitglied
93%
seriesSerie
93%
armyArmee
92%
LithuaniaLitauen
92%
seasonSaison
92%
DependencyAbhängigkeit
91%
careerKarriere
91%
collegeSchule
91%
townStadt
90%
worldWelt
90%
spiderSpinne
89%
speachbubbleSprechblase
89%
behaviorBenehmen
88%
televisionFernseher
88%
luckGlück
88%
destinationZiel
88%
WarsawWarschau
87%
centuryJahrhundert
86%
triangleDreieck
85%
billionMilliarde
85%
squareQuadrat
85%
clubClub
83%
cerealGetreide
83%
leagueLiga
83%
self-confidenceSelbstvertrauen
83%
drumTrommel
83%
infinityUnendlichkeit
83%
CologneKöln
82%
panPfanne
82%
tonTonne
82%
dependencyAbhängigkeit
80%
lampLampe
80%
mustardSenf
80%
potTopf
80%
skinHaut
78%
homesickHeimweh
78%
stateStaat
78%
remote controlFernbedienung
76%
MoldovaMoldawien
75%
NounNomen
75%
pharmacyApotheke
73%
statementAussage
73%
sytemSystem
71%
progressFortschritt
70%
braceletArmband
69%
imaginationVorstellung
69%
spectatorZuschauer
69%
petrolBenzin
67%
populationBevölkerung
67%
sunscreenSonnencreme
67%
handkerchiefTaschentuch
67%
issueAngelegenheit
64%
awardPreis
63%
involvementBeteiligung
60%
patienceGeduld
57%
coralKoralle
57%
tankPanzer
47%
districtDistrikt
45%
fireplaceKamin
44%
electric vehicleElektroauto
43%
quayKai
43%
washbashinWaschbecken
38%
countyBezirk
36%
sectionBereich
33%
peninsulaHalbinsel
33%
bumper carAutoscooter
25%
associationKlub
25%
convictSträfling
25%
suburbVorort
25%
detergentWaschmittel
25%
areaBereich
23%
takeawayImbiss
20%
endorsementUnterstützung
20%
organOrgel
17%
harvesterMähdrescher
14%
landmarkWahrzeichen
14%
cilantroKorriander
13%
testimonialErfahrungsbericht
11%
takeEinstellung
10%
yearningSehnsucht
9%
waterfrontHafenviertel
0%

Verteilung der Resultate

Perzentil nach korrekt beantworteten Fragen

Anzahl Personen mit jedem Resultat

Ihre Resultats-Entwicklung

Sie haben dieses Quiz seit der letzten Aktualisierung nicht gespielt